Normal view
MARC view
- David Cortright
Entry Personal Name
001 - CONTROL NUMBER
- control field: 9391
003 - CONTROL NUMBER IDENTIFIER
- control field: NUST
005 - DATE AND TIME OF LATEST TRANSACTION
- control field: 20180121180312.0
008 - FIXED-LENGTH DATA ELEMENTS
- fixed length control field: 180121|| aca||aabn | a|a d
040 ## - CATALOGING SOURCE
- Original cataloging agency: NUST
- Transcribing agency: NUST
100 ## - HEADING--PERSONAL NAME
- Personal name: David Cortright
670 ## - SOURCE DATA FOUND
- Source citation: Work cat.: (NUST)320988: David Cortright, Peace works : the citizen's role in ending the Cold War, 1993
